Złota Kamieniczka i jej mieszkańcy

Titel: Złota Kamieniczka i jej mieszkańcy / Andrzej Januszajtis
Verfasser:
Ausgabe: Wyd. 1.
Veröffentlicht: Gdańsk : Wydawn. "Marpress", 2012
Umfang: 80 S. : zahlr. Ill. (z. T. farb.)
Format: Buch
Sprache: Polnisch
Schriftenreihe/
mehrbändiges Werk:
Gdańska Kolekcja 1000-lecia
Schlagworte:
ISBN: 9788375280883
Buchumschlag
X
alg: 32326477
001A    $03019:03-07-13 
001B    $03025:25-01-22 $t10:01:58.000 
001C    $03019:03-07-13 $t14:52:25.000 
001D    $03019:03-07-13 
001U    $0utf8 
001X    $00 
002@    $0Aau 
003@    $0323264778 
004A    $A978-83-7528-088-3 
007A    $0323264778 $aHEB 
010@    $apol 
011@    $a2012 
021A    $aZłota Kamieniczka i jej mieszkańcy $hAndrzej Januszajtis 
028A    $#Januszajtis, Andrzej Jacek $7135613787 $8Januszajtis, Andrzej$Z1928- [Tp1] $9199002940 
032@    $aWyd. 1. 
033A    $pGdańsk $nWydawn. "Marpress" 
034D    $a80 S. 
034M    $azahlr. Ill. (z. T. farb.) 
036G    $aGdańska Kolekcja 1000-lecia 
044K    $RDanzig $#Goldenes Haus Danzig $#Steffenshaus Danzig $#Złota Kamieniczka Danzig $71080380280 $8Speymannhaus$gDanzig [Tg1] $936793681X 
044K    $#Danzig $#Ville Libre de Danzig $#Dantzig $#Ville Libre de Dantzig $#Freistaat Danzig $#Gdańsk $#Freie Stadt Danzig $#Urząd Miejski w Gdańsku $#Gyddanzyc $#Gedanum $#Dantiscum $74011039-4 $8Danzig [Tg1] $9085022225 
044K    $RBewohnerin $RAnwohner $#Bewohner $74297960-2 $8Bewohner [Ts1] $9086625225 

lok: 32326477 66

exp: 32326477 66 1 #EPN
201B/01 $003-07-13 $t14:51:40.000 
201C/01 $003-07-13 
201U/01 $0utf8 
203@/01 $0678337993 
208@/01 $a03-07-13 $bz 
209A/01 $aG Gda/Ja-Z $du $f000 $x00 
209C/01 $a13/f921 
247C/01 $8618123-5 Darmstadt, Bibliothek des Deutschen Polen-Instituts $9102600902 

lok: 32326477 78

exp: 32326477 78 1 #EPN
201B/01 $025-01-22 $t10:00:09.000 
201C/01 $025-01-22 
201U/01 $0utf8 
203@/01 $01178820912 
208@/01 $a25-01-22 $be 
209A/01 $a/ $f000 $x00 
209A/01 $ab*p $x01 
220C/01 $apgar 
244Z/01 $#Generalgouvernement Polen $#Polska $#Rzeczpospolita Polska $#Polska Rzeczpospolita Ludowa $#Poland $#Pologne $#République Polonaise $#Generalne Gubernatorstwo w Polsce $#Polish People's Republic $#Polska Rzeczpospolita Polen $#PRL $#RP $#Polen Generalgouvernement $#Polska Generalgouvernement $#Besetzte Polnische Gebiete $#Besetztes Gebiet in Polen $#Okupowane Polskie Obszary $#Obszary Okupowane w Polsce $#Volksrepublik Polen $#Polska Rosyjska $#Republic Polen $#Respublika Pol'ša $#Pol'skaja Narodnaja Respublika $#République de Pologne $#Polen Links der Weichsel $#Polska po Lewej Stronie Wisły $#Lenkija $#Polija $#Gubernija Carstva Pol'skago $#Republik Polen $74046496-9 $8--Tg1--Polen $x01 $9085129801 
244Z/01 $#Preußen $#Preußen $#Brandenburg-Preußen $#Königreich Preußen $#Preußische Staaten $#Preußischer Staat $#Der @Preußische Staat $#Königlich Preußische Staaten $#Prusy Królewskie $#Königlich Preußen $#Prussia $74047194-9 $8--Tg1--Preußen $x02 $9085131652 
247C/01 $82080>Marburg/Lahn, Herder-Institut, Forschungsbibliothek, Bibliographieportal $9336309341
LEADER 00000cam a2200000 c 4500
001 323264778
003 DE-603
005 20220125100158.0
007 tu
008 130703s2012 xx |||| | u00||u|pol c
020 |a 9788375280883 
035 |a (DE-599)HEB323264778 
040 |a DE-603  |b ger  |c DE-603  |d DE-603 
041 |a pol 
100 1 |a Januszajtis, Andrzej  |d 1928-  |0 (DE-603)199002940  |0 (DE-588)135613787  |2 gnd 
245 0 0 |a Złota Kamieniczka i jej mieszkańcy  |c Andrzej Januszajtis 
250 |a Wyd. 1. 
264 1 |a Gdańsk  |b Wydawn. "Marpress"  |c 2012 
300 |a 80 S.  |b zahlr. Ill. (z. T. farb.) 
490 0 |a Gdańska Kolekcja 1000-lecia 
650 7 |a Bewohner  |0 (DE-588)4297960-2  |0 (DE-603)086625225  |2 gnd 
651 7 |a Speymannhaus  |g Danzig  |0 (DE-588)1080380280  |0 (DE-603)36793681X  |2 gnd 
651 7 |a Danzig  |0 (DE-588)4011039-4  |0 (DE-603)085022225  |2 gnd 
924 0 |9 Ds 123  |a (DE-603)678337993  |b DE-Ds123  |c HES  |d d  |g G Gda/Ja-Z 
924 0 |9 2080  |a (DE-603)1178820912  |b DE-2080  |c HES  |d d  |g /